مكتبة جامعة عجلون الوطنية

فهرس بحث المكتبة

Normal view MARC view
  • المحاسبة الحكومية-الاردن

Entry Topical Term

Number of records used in: 1

001 - CONTROL NUMBER

  • control field: 61197

003 - CONTROL NUMBER IDENTIFIER

  • control field: JO-AjAnu

005 - DATE AND TIME OF LATEST TRANSACTION

  • control field: 20230606084011.0

008 - FIXED-LENGTH DATA ELEMENTS

  • fixed length control field: 230606|| aca||aabn | a|a d

040 ## - CATALOGING SOURCE

  • Original cataloging agency: JO-AjAnu
  • Transcribing agency: JO-AjAnu

150 ## - HEADING--TOPICAL TERM

  • Topical term or geographic name entry element: المحاسبة الحكومية-الاردن

670 ## - SOURCE DATA FOUND

  • Source citation: Work cat.: (JO-AjAnu)31213: اعداد رشايدة، هناء زهير ابراهيم؛ اشراف مأمون محمد احمد القضاة, author 61196, دور نظام ادارة المعلومات المالية الحكومية الجانب التنفيذي في تعزيز الرقابة الداخلية دراسة تطبيقية على وزارة المالية الاردنية = The Role of the Government Financial Management Information System (GFMIS)-the Executive Side-in Enhancing Internal Control : An applied study at the Jordanian Ministry of Finance